| 000 | 00564nam a22001697a 4500 | ||
|---|---|---|---|
| 005 | 20251108112209.0 | ||
| 008 | 251108b |||||||| |||| 00| 0 eng d | ||
| 020 | _a9780538725439 | ||
| 050 |
_aZ52.5 .M52 _b.A36 |
||
| 100 | _aVanHuss, Susie H. | ||
| 245 |
_aAdvanced Word Processing _bMicrosoft Word 2002 _cSusie H. VanHuss, Connie M. Forde & Donna L. Woo contributing author, Wylma Skean |
||
| 260 |
_aAustralia _bSouth-Western Thomson Learning _c2002 |
||
| 300 |
_bill. color _c28cm |
||
| 700 | _aForde, Connie M. | ||
| 700 | _aWoo, Donna L. | ||
| 942 |
_2lcc _cBK _n0 |
||
| 999 |
_c8140 _d8140 |
||